[Event "Hessen-chB"]
[Site "?"]
[Date "2003.04.12"]
[Round "4"]
[White "Frank Wolfgang"]
[Black "Klueners Juergen"]
[Result "1/2-1/2"]
[WhiteElo "2209"]
[BlackElo "2173"]
[PlyCount "77"]
[EventDate "2003.??.??"]
[Source "www.chesslib.no"]
[SourceDate "2004.05.04"]

1. e4 e5 2. Nf3 Nf6 3. Nxe5 d6 4. Nxf7 Kxf7 5. d4 c5 6. Bc4+ d5 7. exd5 Bd6 8. Nc3 Re8+ 9. Be3 Bg4 10. Qd2 cxd4 11. Qxd4 Nbd7 12. O-O a6 13. a4 Rc8 14. Bb3 Kg8 15. Rfe1 Qc7 16. Bf4 Nc5 17. Ba2 Kh8 18. Bxd6 Qxd6 19. f3 Bf5 20. b4 Ncd7 21. Bb3 h6 22. Ne4 Bxe4 23. fxe4 Qf4 24. c4 Rxe4 25. Rxe4 Qxe4 26. Qxe4 Nxe4 27. Rc1 b6 28. Rc2 a5 29. Re2 Nef6 30. bxa5 bxa5 31. Re7 Re8 32. d6 Rb8 33. Bc2 Rb6 34. c5 Nxc5 35. Rc7 Ncd7 36. Bf5 Rxd6 37. Rc8+ Ng8 38. Rd8 g6 39. Rxd7 1/2-1/2

[Event "Corr"]
[Site "?"]
[Date "2002.10.07"]
[Round "?"]
[White "Morin Stéphane"]
[Black "Corbat Philippe"]
[Result "1-0"]
[WhiteElo "2310"]
[BlackElo "2046"]
[PlyCount "81"]
[EventDate "2002.??.??"]
[Source "www.chesslib.no"]
[SourceDate "2004.05.04"]

1. e4 e5 2. Nf3 Nf6 3. Nxe5 d6 4. Nxf7 Kxf7 5. d4 g6 6. Nc3 Be6 7. Bd3 Bg7 8. O-O Rf8 9. Bg5 Qe8 10. f4 Kg8 11. Qd2 h6 12. Bh4 Ng4 13. Be2 g5 14. fxg5 Qh5 15. Rxf8+ Bxf8 16. g3 hxg5 17. Qxg5+ Qxg5 18. Bxg5 Bg7 19. Nb5 Na6 20. c3 Rf8 21. Bf4 Nf6 22. Bd3 Nd7 23. Kg2 Nb6 24. b3 Nc8 25. h3 Rd8 26. g4 c6 27. Na3 Nc7 28. Kg3 b5 29. Nc2 a5 30. h4 c5 31. h5 c4 32. bxc4 bxc4 33. Be2 Nb5 34. Bd2 d5 35. e5 Ne7 36. Rb1 Na7 37. Ne3 Nac6 38. Bf3 Rb8 39. Rxb8+ Nxb8 40. Bc1 Nbc6 41. Kf4 1-0

[Event "IV Open, Malaga ESP"]
[Site "?"]
[Date "2001.??.??"]
[Round "4"]
[White "Tomas Batet, J."]
[Black "Hernandez, Yu"]
[Result "0-1"]
[WhiteElo "2075"]
[BlackElo "2275"]
[PlyCount "37"]
[EventDate "2001.??.??"]
[Source "www.chesslib.no"]
[SourceDate "2004.05.04"]

1. e4 e5 2. Nf3 Nf6 3. Nxe5 d6 4. Nxf7 Kxf7 5. d4 c5 6. dxc5 Qa5+ 7. Nc3 Qxc5 8. Be3 Qb4 9. Be2 Nc6 10. O-O Be6 11. a3 Qa5 12. f4 Kg8 13. g4 h6 14. h4 d5 15. b4 Qd8 16. f5 d4 17. fxe6 dxe3 18. g5 hxg5 19. hxg5 0-1

[Event "Piremon Nyirsegi Torna op"]
[Site "?"]
[Date "2002.07.04"]
[Round "6"]
[White "Valko Krisztian"]
[Black "Balint Vilmos"]
[Result "0-1"]
[WhiteElo "2118"]
[BlackElo "2211"]
[PlyCount "64"]
[EventDate "2002.??.??"]
[Source "www.chesslib.no"]
[SourceDate "2004.05.04"]

1. e4 e5 2. Nf3 Nf6 3. Nxe5 d6 4. Nxf7 Kxf7 5. Nc3 Be7 6. Bc4+ Be6 7. Bxe6+ Kxe6 8. d4 Kf7 9. f4 Re8 10. e5 dxe5 11. fxe5 Kg8 12. O-O Nd5 13. Qg4 Nxc3 14. bxc3 Kh8 15. Rf7 Rg8 16. Qe6 Bg5 17. Ba3 Na6 18. Qf5 Be3+ 19. Kh1 Qg5 20. Qxg5 Bxg5 21. e6 Rae8 22. Re1 Bd2 23. Re2 Bxc3 24. d5 Bb4 25. Bb2 Re7 26. a3 Bd6 27. c4 Rge8 28. Bxg7+ Kg8 29. Ref2 Nc5 30. Bh6 Nxe6 31. dxe6 Rxe6 32. Rg7+ Kh8 0-1